Tous les albums de JUL - Statistiques

Statistiques générales
  • Ce quiz a été pris 118 fois
  • Le résultat moyen est 12 sur 20
Statistiques - réponses
Date Album % Correct
2014 Dans ma paranoia
87%
2016 Album gratuit
82%
2016 L'OVNI
79%
2016 My World
77%
2019 Rien 100 Rien
68%
2016 Emotions
65%
2020 La machine
65%
2019 C'est pas des LOL
60%
2018 La zone en personne
58%
2015 Jul
56%
2021 Demain ça ira
55%
2021 Indépendance
55%
2020 Loin du monde
55%
2015 Je tourne en rond
54%
2014 Je trouve pas le sommeil
54%
2014 Lacrizeomic
54%
2017 La tête dans les nuages
54%
2022 Extraterrestre
53%
2018 Inspi d'ailleurs
53%
2017 Je ne me vois pas briller
53%
Aucun quiz correspondant
Distribution des résultats
% des personnes avec chaque résultat
Percentile par nombre de réponses
Votre historique - résultats
Vous n’avez pas pris ce quiz